000 00832nam a2200265 i 4500
001 C2-0284547
003 PPAK
005 20180728014355.0
008 071205s2007 my |||| ||||| | may d
020 _a9676119245 ; 9789676119247
040 _aPPAK
_beng
_cPPAK
_erda
082 0 4 _a305.2355
_223
090 0 0 _a305.2355
_bSAA
_dG
100 0 _aSaat Sulaiman,
_eauthor
245 1 0 _aRemaja positif
264 1 _aKuala Lumpur :
_bUtusan Publications & Distributors Sdn Bhd ,
_c2007
300 _a166 pages ;
_c22 cm
336 _2rdacontent
_atext
337 _2rdamedia
_aunmediated
338 _2rdacarrier
_avolume
490 1 _aSiri motivasi dan kecemerlangan Utusan
650 1 0 _aTeenagers - Conduct of life. ; Teenagers - Social life and customs.
830 0 _aSiri motivasi dan kecemerlangan Utusan
942 _ddc
_cB
999 _c90494
_d90494